Week 10 Mens Basketball AP Poll - Statistics

General Stats
  • This quiz has been taken 8 times
  • The average score is 19 of 25
Answer Stats
Rank Change in Poll Answer % Correct
6 Stay Duke
100%
19 NR Florida
100%
4 Down 2 Michigan
100%
12 Stay Michigan State
100%
3 Up 1 UConn
100%
10 Up 1 Vanderbilt
100%
18 Down 5 Alabama
83%
1 Stay Arizona
83%
11 Down 2 BYU
83%
21 Down 3 Georgia
83%
9 Down 1 Gonzaga
83%
7 Stay Houston
83%
13 Up 3 Illinois
83%
2 Up 1 Iowa State
83%
5 Stay Purdue
83%
17 Down 2 Arkansas
67%
20 Stay Louisville
67%
8 Up 2 Nebraska
67%
15 Down 1 Texas Tech
67%
22 NR Clemson
50%
14 Up 3 North Carolina
50%
24 Down 3 Tennessee
50%
16 Up 7 Virginia
50%
25 NR Seton Hall
33%
23 NR Utah State
17%
No matching quizzes found
Score Distribution
Percent of People with Each Score
Percentile by Number Answered
Your Score History
You have not taken this quiz